[Event "IRI-ch U16"]
[Site "Chess.com INT"]
[Date "2021.01.16"]
[Round "8"]
[White "Gholami, Amir Mohammad"]
[Black "Soleimanian, Mohammadmatin"]
[Result "0-1"]
[WhiteElo "1586"]
[BlackElo "1372"]
[PlyCount "68"]
[EventDate "2021.01.16"]
[EventType "swiss"]
[EventRounds "11"]
[EventCountry "IRI"]
[SourceTitle "EXT 2022"]
[Source "ChessBase"]
[SourceDate "2021.10.06"]
[SourceVersion "1"]
[SourceVersionDate "2021.10.06"]
[SourceQuality "1"]

1. Nf3 Nf6 2. g3 g6 3. c4 Bg7 4. Bg2 0-0 5. 0-0 d6 6. Nc3 e5 7. d4 Nc6 8. dxe5 Nxe5 9. Nxe5 dxe5 10. Qc2 c6 11. e4 Be6 12. b3 Qe7 13. a4 Rfd8 14. Ba3 Qe8 15. Rad1 Rxd1 16. Rxd1 Rd8 17. Rd6 Bf8 18. Rxd8 Qxd8 19. Bxf8 Qxf8 20. Qd1 Qa3 21. h3 Bxc4 22. Qf3 Qxb3 23. Qxf6 Qxc3 24. h4 Qe1+ 25. Kh2 h5 26. Qxe5 Qxf2 27. Qe8+ Kh7 28. Kh3 Qg1 29. Qe7 Be6+ 30. g4 hxg4+ 31. Kg3 Qe3+ 32. Kh2 g3+ 33. Kh1 Qe1+ 34. Bf1 Qxf1# 0-1

[Event "IRI-ch U16"]
[Site "Chess.com INT"]
[Date "2021.01.16"]
[Round "3"]
[White "Soleimanian, Mohammadmatin"]
[Black "Baytamari, Amir Hossein"]
[Result "0-1"]
[WhiteElo "1372"]
[BlackElo "1639"]
[PlyCount "164"]
[EventDate "2021.01.16"]
[EventType "swiss"]
[EventRounds "11"]
[EventCountry "IRI"]
[SourceTitle "EXT 2022"]
[Source "ChessBase"]
[SourceDate "2021.10.06"]
[SourceVersion "1"]
[SourceVersionDate "2021.10.06"]
[SourceQuality "1"]

1. d4 Nf6 2. c4 g6 3. Nc3 Bg7 4. e4 d6 5. f3 e5 6. Nge2 0-0 7. Be3 Nc6 8. d5 Ne7 9. Qd2 c6 10. 0-0-0 cxd5 11. cxd5 a6 12. Bh6 b5 13. Bxg7 Kxg7 14. Ng3 Bd7 15. Bd3 Rc8 16. Kb1 b4 17. Nce2 Qb6 18. Rc1 Bb5 19. Rxc8 Rxc8 20. Rc1 Rxc1+ 21. Nxc1 Bxd3+ 22. Qxd3 Nd7 23. Qc2 Nc5 24. Qf2 Qb5 25. Qe3 Nc8 26. f4 f6 27. fxe5 fxe5 28. Qg5 Qd7 29. Nf5+ Kg8 30. Nh6+ Kg7 31. Nf5+ Kf7 32. Nh6+ Ke8 33. Qf6 Qe7 34. Qf3 Qf8 35. Ng4 h5 36. Qxf8+ Kxf8 37. Nf2 Kf7 38. Ncd3 Nxd3 39. Nxd3 a5 40. Kc2 Kf6 41. h4 g5 42. g3 gxh4 43. gxh4 Ke7 44. a3 bxa3 45. bxa3 Kd7 46. Kb3 Kc7 47. Ne1 Ne7 48. Ng2 Ng6 49. Kc4 Kb6 50. Kb3 Kb5 51. Kc3 Ka4 52. Kb2 Kb5 53. Kb3 a4+ 54. Kb2 Kc4 55. Ne3+ Kd4 56. Nf5+ Kxe4 57. Nxd6+ Kxd5 58. Nb5 e4 59. Nc3+ Kd4 60. Nxa4 Nxh4 61. Nc3 Nf5 62. a4 Nd6 63. Ne2+ Kc5 64. Kc3 h4 65. Nf4 Nc4 66. Ne6+ Kd5 67. Nf4+ Ke5 68. Kxc4 Kxf4 69. a5 h3 70. a6 h2 71. a7 h1Q 72. a8Q Qc1+ 73. Kb3 Ke3 74. Qa7+ Ke2 75. Qa6+ Ke1 76. Qe6 e3 77. Qe4 Qd1+ 78. Ka3 Qd2 79. Qh1+ Ke2 80. Qg2+ Kd1 81. Qh1+ Kc2 82. Qa1 Qa5# 0-1